Mechatronics system design evaluation version of VisSim and mechatronics case study files /
Wedi'i Gadw mewn:
| Prif Awdur: | |
|---|---|
| Awduron Eraill: | |
| Fformat: | Llyfr |
| Iaith: | English |
| Cyhoeddwyd: |
Boston :
PWS,
1998.
|
| Pynciau: | |
| Tagiau: |
Ychwanegu Tag
Dim Tagiau, Byddwch y cyntaf i dagio'r cofnod hwn!
|
| Thư viện lưu trữ: | Mạng thư viện Đại học Đà Nẵng |
|---|
| LEADER | 00950cmm a2200349 i 4500 | ||
|---|---|---|---|
| 001 | 000049943 | ||
| 003 | 10119 | ||
| 005 | 20030212073130.0 | ||
| 008 | 010426|1998 vm 000 eng | ||
| 020 | |a 0534952852 | ||
| 040 | |a IRC |c IRC |d IRC | ||
| 041 | 0 | |a eng | |
| 082 | 1 | 4 | |a 621 |b SH-D |
| 100 | 1 | |a Shetty, Devdas. | |
| 245 | 0 | 0 | |a Mechatronics system design |h [Float Disk-Đĩa mềm] : |b evaluation version of VisSim and mechatronics case study files / |c Devdas Shetty, Richard Kolk. |
| 260 | |a Boston : |b PWS, |c 1998. | ||
| 300 | |a 1 computer disk ; |c 3 1/2 in. | ||
| 630 | 0 | 4 | |a System design. |
| 630 | 0 | 4 | |a Mechatronics. |
| 650 | 0 | 4 | |a System design. |
| 650 | 0 | 4 | |a Mechatronics. |
| 700 | 1 | |a Kolk, Richard. | |
| OWN | |a DUT | ||
| 999 | |a From the UDN01 | ||
| TYP | |a Computer file | ||
| TYP | |a Monograph | ||
| 980 | |a Mạng thư viện Đại học Đà Nẵng | ||


